|
|
|
|
| LEADER |
01223nam a2200325 a 4500 |
| 001 |
AAL302 |
| 003 |
BD-DhAAL |
| 005 |
20160210172251.0 |
| 008 |
150212s1993 cau b 001 0 eng |
| 010 |
|
|
|a 92035502
|
| 020 |
|
|
|a 0803943229 (cloth)
|
| 020 |
|
|
|a 0803943237 (pbk.)
|
| 040 |
|
|
|a DLC
|c DLC
|d DLC
|d BD-DhAAL
|
| 050 |
0 |
0 |
|a HV699
|b .K58 1993
|
| 082 |
0 |
0 |
|a 362.82/94/0973
|2 20
|
| 999 |
|
|
|c 33674
|d 33674
|
| 999 |
|
|
|c 33674
|
| 100 |
1 |
|
|a Kissman, Kris.
|9 8316
|
| 245 |
1 |
0 |
|a Single-parent families /
|c Kris Kissman, Jo Ann Allen.
|
| 260 |
|
|
|a Newbury Park, Calif. :
|b Sage Publications,
|c c1993.
|
| 300 |
|
|
|a viii, 160 p. ;
|c 23 cm.
|
| 490 |
1 |
|
|a Sage sourcebooks for the human services series ;
|v 24
|
| 504 |
|
|
|a Includes bibliographical references (p. 145-153) and index.
|
| 541 |
|
|
|e 302
|
| 650 |
|
0 |
|a Family social work
|z United States.
|9 8317
|
| 650 |
|
0 |
|a Single-parent families
|z United States.
|9 8318
|
| 700 |
1 |
|
|a Allen, Jo Ann.
|9 8319
|
| 830 |
|
0 |
|a Sage sourcebooks for the human services series ;
|v v. 24.
|9 8320
|
| 942 |
|
|
|2 ddc
|c BK
|
| 952 |
|
|
|0 0
|1 0
|2 ddc
|4 0
|6 362_829409730000000_KIS
|7 0
|9 52596
|a SCL
|b SCL
|c GEN
|d 2015-02-12
|e Gift: The Asia Foundation
|l 0
|o 362.82940973 KIS
|p 3020000302
|r 2015-02-12
|t 1
|w 2015-02-12
|y BK
|